000
00242nam a2200109Ia 4500
008
200302s9999 xx 000 0 und d
100
_a
Kengo kuma
245
_a
Studies in Organic
260
_b
Toto Pulishing
260
_c
2014
300
_a
347
999
_c
6503
_d
6503